Geometry Dash - Extreme Demons Starting with F (Pre-2.2) - Statistics

General Stats
  • This quiz has been taken 106 times
    8 since last reset
  • The average score is 21 of 53
Answer Stats
Publisher Answer % Correct
TrickGMD Firework
80%
KrmaL Falling Up
60%
notesxd Fog
60%
MaxiKD Fabricated Thoughts
40%
KeiAs Fabrication
40%
HelpegasuS Factory Realm X
40%
DreamTide Faded Dream
40%
ZeroSR Faith
40%
LIEB Falcon16
40%
YoReid Falling Maze
40%
TheRealShun FanTasticLand
40%
Jghost Farthest Outpost
40%
Xinpa Ferrum Frenzy
40%
IcEDCave Fever Dream
40%
lSkyJax Fexty
40%
Vlacc FIFTY THREE
40%
Pennutoh Final Epilogue
40%
Noriega Fingerdash v3
40%
Mulpan FinKor
40%
Sillow FIREPOWER
40%
MrLorenzo FirePower
40%
SouljaBoyCrankD Fishe
40%
whoiskeve FISH FISH GODMODE
40%
RadiationV2 Flappy Dynamix II
40%
YoReid Floating Maze
40%
YoReid Floating Outskirts
40%
PlayerHungry Flyway
40%
Sillow Forbidden Isle
40%
Turtl123 four
40%
EndLevel Fragile
40%
Cersia Fragmented
40%
Agat3 Framework
40%
Pennutoh Freedom08
40%
DShifter Freedom16
40%
GrenadeofTacos Freedom19
40%
Whippie37 Frenzy
40%
RadiationV2 Frightful Melody
40%
Quaybus Frost Spirit
40%
RatQuesadilla Frozen
40%
TrueParadoxTeam Frozen Cave
40%
idleunam Funnyname Funnygame
40%
TwisterDude161 FusionDynamix
40%
PlebKIngdom Fusion Z
40%
neoraptor Future Chaos
40%
fusion425 The {First}
40%
fin The {Flawless}
40%
THEREALXFUTURE FAULTY CODE
20%
kyder Fellow Phobia
20%
Pennutoh Free For All 2
20%
Metalface221 FRIDAY
20%
Cersia Friday Vortex
20%
Failure444 Furious Flames
20%
Bordonn FUTURE DEMON MACHINE
20%
No matching quizzes found
Score Distribution
Percent of People with Each Score
Percentile by Number Answered
Your Score History
You have not taken this quiz since the last reset